Key transportation indicators (Record no. 56994)
[ view plain ]
| 000 -LEADER | |
|---|---|
| fixed length control field | 01997nam a2200373 a 4500 |
| 245 10 - TITLE STATEMENT | |
| Title | Key transportation indicators |
| 260 ## - PUBLICATION, DISTRIBUTION, ETC. (IMPRINT) | |
| Place of publication | Washington, D.C. : |
| Name of publisher | National Academy Press, |
| Year of publication | c2002. |
| 300 ## - PHYSICAL DESCRIPTION | |
| Number of Pages | x, 41 p. |
| 490 1# - SERIES STATEMENT | |
| Series statement | Compass series |
| 500 ## - GENERAL NOTE | |
| General note | "The NRC's Committee on National Statistics and its Transportation Research Board, which conducted these studies, convened a workshop on June 13, 2000"--P. 1. |
| 520 ## - SUMMARY, ETC. | |
| Summary, etc | "The purpose of the Worksshop on Transportation Indicators was to discuss issues relating to transportation indicators and provide the Bureau of Transportation Statistics with new ideas for issues to address."--P. 1. |
| 650 #0 - SUBJECT ADDED ENTRY--TOPICAL TERM | |
| Topical Term | Transportation |
| 700 1# - ADDED ENTRY--PERSONAL NAME | |
| Personal name | Casey, Jamie. |
| Personal name | Norwood, Janet Lippe. |
| 856 40 - ELECTRONIC LOCATION AND ACCESS | |
| Uniform Resource Identifier | http://site.ebrary.com/lib/rucke/Doc?id=10038672 |
No items available.
